000 00557nam a2200181Ia 4500
008 090124s9999 xx 000 0 und d
082 _b36750
100 _aखंदारे उषा
245 _a शब्द संपदा कोश
250 _a1
260 _bऔदुंबर प्रकाशन
_c2000
300 _a236
600 _aखंदारे उषा
630 _a शब्द संपदा कोश
700 _aखंदारे उषा
730 _a शब्द संपदा कोश
942 _cBOOK
999 _c102754
_d102754